| 000 | 01586cam a22002174a 4500 | ||
|---|---|---|---|
| 005 | 20250605164217.0 | ||
| 008 | 250528s ||||||||||||||||||||||||d | ||
| 035 | _a20499 | ||
| 020 | _a393951030 | ||
| 040 |
_aGR-AtMCL _bgre _dGR-AtMCL _eAACR2 |
||
| 245 | 1 | _aStudy Guide for World Civilizations / Volume 1 Sixth Edition | |
| 250 | _a6th | ||
| 260 |
_bW.W. Norton & Company, _c1982 |
||
| 300 | _a160 | ||
| 505 | 0 | _aThe Earliest Beginnings, The Egyptian Civilization, The Mesopotamian and Persia Civilizations, The Helbrew Civilization, Ancient Indian Civilization, Ancient Chinese Civilization, The Dawn of History, The Hellenic Civilization, The Hellenistic Civilization, Roman Civilization, Christianity and the tRansformation of the roman World, The World in the Classic Era, The Later Middle Ages, The World in the Middle ages, The Civilization of the Renaissance, The Age of the Reformation, The Commercial Revolution and the New Society. | |
| 520 | _aThe Earliest Beginnings, The Egyptian Civilization, The Mesopotamian and Persia Civilizations, The Helbrew Civilization, Ancient Indian Civilization, Ancient Chinese Civilization, The Dawn of History, The Hellenic Civilization, The Hellenistic Civilization, Roman Civilization, Christianity and the tRansformation of the roman World, The World in the Classic Era, The Later Middle Ages, The World in the Middle ages, The Civilization of the Renaissance, The Age of the Reformation, The Commercial Revolution and the New Society. | ||
| 700 | 1 |
_aRalph Philip L _95233 |
|
| 942 | _cBK | ||
| 999 |
_c5601 _d5601 |
||